|
|
|
|
| LEADER |
01404njm a2200361 a 4500 |
| 001 |
000292131 |
| 003 |
CZ BrMZK |
| 005 |
20210507201109.0 |
| 008 |
010907s1994 xr f cze d |
| 028 |
0 |
3 |
|a AV 0056-2 231
|b Avik
|
| 040 |
|
|
|a BOA001
|b cze
|
| 080 |
|
|
|a 784.1.087.684(086.7)
|2 MRF
|
| 110 |
2 |
|
|a Česká píseň (pěvecký sbor)
|7 mzk2004228526
|
| 245 |
1 |
0 |
|a Česká píseň 2
|h [zvukový záznam] /
|c Česká píseň, sbormistr Lubomír Henrich.
|
| 246 |
3 |
3 |
|a Parabolae Salomonis
|
| 246 |
3 |
3 |
|a Staroslověnské písně
|
| 246 |
3 |
3 |
|a Čí sú to koníčky
|
| 246 |
3 |
3 |
|a Dragouni
|
| 260 |
|
|
|a Plzeň :
|b AVIK,
|c p1994
|
| 300 |
|
|
|a 1 CD ;
|c 12 cm +
|e 1 složený list.
|
| 306 |
|
|
|a 004755
|
| 500 |
|
|
|a Text v doprovod. mater. vícejaz.
|
| 500 |
|
|
|a Nahr. 1994
|
| 500 |
|
|
|a Durata 47:55
|
| 505 |
2 |
|
|a Staroslověnské písně, Čí sú to koníčky, Dragouni ... [et al.]
|
| 653 |
0 |
|
|a moravské lidové písně
|a pravoslavná církevní hudba
|a smíšené sbory
|a staroslověnské duchovní písně
|a české lidové písně
|
| 700 |
1 |
|
|a Málek, Jan,
|d 1938-
|7 jn20000620224
|4 cmp
|
| 700 |
1 |
|
|a Henrich, Lubomír
|7 xx0172725
|4 cnd
|
| 700 |
1 |
|
|a Lukáš, Zdeněk,
|d 1928-2007
|7 jn19981001776
|4 cmp
|
| 910 |
|
|
|a BOA001
|b CD-0002.855
|
| 964 |
|
|
|a Sbory smíšené a cappella
|x CD
|
| 990 |
|
|
|a AV
|
| 996 |
6 |
|
|b 261H002888
|c CD-0002.855
|l MZK
|r Sklad / do 24 hodin
|n 0
|w 000292131
|u 000010
|a 1
|e BOA001
|j MZK50
|s P
|